[Event "Østlandsserien 2014/2015, 3. div. B"]
[Site "Oslo NOR"]
[Date "2015.02.08"]
[Round "4"]
[White "Lea, Per"]
[Black "Hansen, Tommy"]
[Result "0-1"]
[WhiteElo "1598"]
[BlackElo "1668"]
[Annotator "Lea,Per"]
[PlyCount "32"]
[EventDate "2014.11.02"]
[Board "3"]
[WhiteTeam "Follo 1"]
[BlackTeam "O.S.S.- voksne"]

1. e4 d5 2. exd5 Nf6 3. d4 Bg4 {Ser rart ut, men det er spilt flere hundre
ganger tidligere.} (3... Nxd5 {som Jens Chr Lothe Opdahl spilte mot meg i
forrige runde er mer vanlig. Men også den varianten holdt til seier...}) 4. f3
{Det vanligste i denne stillingen, men jeg vurderte lenge alternativene} (4.
Be2) ({og} 4. Nf3) 4... Bf5 5. c4 {Her tenkte jeg omtrent slik: "Hvis han ikke
vil ta tilbake bonden, så beholder jeg den gjerne. Før eller siden må han
sannsynligvis spille e- eller c-bonden fram, og så har han ikke noen
kompensasjon etter at jeg slår, eventuelt slår en passant".} e6 6. Qa4+ {
Muligens en teoretisk nyhet, men ikke en jeg vil ha knyttet mitt navn til. Ett
av problemene med trekket er at d-bonden ikke lenger er gardert når d-linja
åpnes.} (6. Nc3 {anbefales av Stockfish, men jeg likte ikke at jeg i så fall
ville ende opp med en isolert d-bonde. Nå viser det seg at det hadde jeg slett
ikke behøvd heller:} exd5 7. g4 Bg6 8. g5 Nfd7 9. Nxd5 {Men jeg ville heller
ikke likt å spille med den bondestillingen pa kongefløyen.}) ({Det prosaiske} 
6. dxe6 Bxe6 7. d5 Bf5 8. Nc3 {synes jeg forsåvidt ser greit ut for hvit. Men
svart behøver slett ikke å slå igjen på e6.}) (6. dxe6 Qe7 $1 7. d5 fxe6 {og
fordelen vipper over til svart.}) 6... c6 7. dxe6 Qxd4 8. exf7+ Kxf7 9. Ne2 Qe5
{Nå er det svart som har initiativet; hvits dronning står fullstendig off-side}
10. Nbc3 $2 (10. g4 {hjelper ikke:} Bg6 11. f4 Qe4 12. Rg1 Na6 13. f5 Bb4+ 14.
Nbc3 Bxc3+ 15. bxc3 Nc5 16. fxg6+ hxg6 17. Qa3 Nd3+ {Selv med offiser under
står svart klart best.}) 10... Na6 $1 {Dette hadde jeg overhodet ikke vurdert.
Et springerutfall til c5 får katastrofale følger} 11. Bf4 Qe8 12. c5 $4 {
Håpløst! Og tidsnøden begynte å gjøre seg gjeldende: ca 15 minutter pluss
bonustid fram til trekk 40!} ({Eneste spillbare alternativ var} 12. Qa5 Nc5 13.
Qc7+ Kg8 14. O-O-O {men hvit sliter etter en springersjakk på d3, enten med en
gang, eller etter å ha jaget hvits dronning til et annet felt først. Hvit må
tape minst en kvalitet.} Rc8) 12... Nxc5 13. Qc4+ Be6 14. Qd4 Rd8 15. Qe3 Nd3+
16. Kd2 Nxf4+ 0-1

[Event "Østlandsserien 2014/2015, 3. div. B"]
[Site "Oslo NOR"]
[Date "2015.02.08"]
[Round "4"]
[White "Harkestad, Inge"]
[Black "Lange, Holger"]
[Result "1/2-1/2"]
[WhiteElo "1569"]
[BlackElo "1587"]
[PlyCount "79"]
[EventDate "2014.11.02"]
[Board "4"]
[WhiteTeam "OSS 4"]
[BlackTeam "Follo 1"]

1. d4 Nf6 2. c4 e6 3. Nc3 Bb4 4. Qc2 c5 5. dxc5 Nc6 6. Nf3 O-O 7. a3 Bxc5 8.
Bf4 a6 9. e3 Re8 10. Bd3 d5 11. cxd5 exd5 12. O-O Be7 13. Rfd1 Be6 14. Ng5 h6
15. Bh7+ Kh8 16. Nxe6 fxe6 17. Bg6 Rf8 18. Qe2 Bd6 19. Bxd6 Qxd6 20. h3 Ne5 21.
Bc2 Rac8 22. Rac1 Nc4 23. Bg6 Qb6 24. Rc2 Qb3 25. Rdc1 Ne5 26. Bd3 Nxd3 27.
Qxd3 Ne4 28. f3 Nf6 29. Qd2 Rc4 30. Ne2 Rfc8 31. Rxc4 Rxc4 32. Rxc4 Qxc4 33.
Nf4 Qc6 34. Ng6+ Kh7 35. Ne5 Qc7 36. Qd4 Kg8 37. g4 Qc1+ 38. Kg2 Qc2+ 39. Kg1
Qc1+ 40. Kg2 1/2-1/2

[Event "Østlandsserien 2014/2015, 3. div. B"]
[Site "Ås, Akershus NOR"]
[Date "2015.03.08"]
[Round "5"]
[White "Barker, Daniel"]
[Black "Furnes, Torstein"]
[Result "0-1"]
[WhiteElo "1621"]
[BlackElo "1681"]
[Annotator "Furnes, Torstein"]
[PlyCount "76"]
[EventDate "2014.11.02"]
[Board "1"]
[WhiteTeam "SK 1911 4"]
[BlackTeam "Follo 1"]

1. c4 e5 2. g3 Nf6 3. Bg2 Nc6 4. Nc3 Bb4 5. Nd5 Nxd5 6. Bxd5 (6. cxd5 Ne7 7.
Nf3 {er vanligere hos chesslive.de.}) 6... O-O 7. a3 Bc5 8. e3 d6 9. d3 Ne7 10.
Bg2 c6 11. Ne2 d5 12. b4 Bd6 13. cxd5 cxd5 14. O-O Be6 15. Bb2 Qd7 16. Nc3 Bh3
$6 {Fritz mener dette er en liten unøyaktighet som gjør at fordelen svinger
fra liten svart fordel til liten hvit fordel.} 17. Qb3 Bxg2 18. Kxg2 Bc7 19.
Rac1 Rac8 20. a4 Kh8 21. b5 f5 22. f4 d4 23. exd4 exf4 24. gxf4 {Iløpet av de
to siste trekkene har svart oppnådd å splitte opp hvits bønder. Den tidligere
sammenhengende bondestrukturen på kongefløyen har blitt til isolerte bønder i
d-, f- og h-linjen. Men istedenfor å ta tilbake bonden på d4 med en gang, er
nok Lb6 eller Sg6 bedre.} Qxd4 $6 25. Rce1 Ng6 $4 $18 {En stygg feil.} 26. Nd5
Qc5 27. d4 {Fritz mener at hvitfordelen blir en del mindre med dette trekket
enn om han hadde spilt La3 med en gang.} (27. Ba3 Qd4 28. Bxf8) 27... Qd6 28.
Ba3 Qd7 29. Bxf8 Rxf8 30. Nxc7 Qxc7 31. Qb4 Rd8 32. d5 Qc2+ 33. Rf2 Qd3 34. Qd6
$1 {Et artig trekk som tvinger det svarte tårnet til det passive feltet g8.}
Rg8 35. Qc5 Nh4+ 36. Kh1 $11 {Fritz 11 vurderer dette til å være en nesten lik
stilling (+0.3). Svart er kvalitet under, men Fritz mener han har kompensasjon.
Svarts beste fortsettelse nå er h6.} Nf3 $2 $18 {Dette trekket er en feil som
øker hvits fordel til over +2.} 37. Re7 $4 $19 {Overser svarts matt-variant.} (
{Etter} 37. Rc1 {bør hvit vinne.}) 37... Qd1+ 38. Kg2 Nh4+ {Svart setter matt
med Dg4 i neste trekk.} 0-1

[Event "Østlandsserien 2014/2015, 3. div. B"]
[Site "Ås, Akershus NOR"]
[Date "2015.03.08"]
[Round "5"]
[White "Lea, Per"]
[Black "Bekkesletten, Cato"]
[Result "1/2-1/2"]
[WhiteElo "1598"]
[BlackElo "1580"]
[Annotator "Lea,Per"]
[PlyCount "59"]
[EventDate "2014.11.02"]
[Board "2"]
[WhiteTeam "Follo 1"]
[BlackTeam "SK 1911 4"]

1. e4 c6 2. d4 d5 3. Nc3 dxe4 4. Nxe4 Bf5 5. Ng3 Bg6 6. h4 ({I det 22. Lag-NM
i fjernsjakk mot samme motstander valgte jeg trekkrekkefølgen} 6. Nf3 Nf6 7. h4
Nh5 8. Nxh5 Bxh5 9. Bf4 {Partiet varte fra september 2011 til mars 2012 og
endte remis etter 18 trekk}) 6... h6 7. Nf3 Nd7 8. h5 Bh7 9. Bd3 Bxd3 10. Qxd3
e6 11. Bf4 Qa5+ 12. Bd2 Bb4 13. c3 {Akkurat samme stilling haddejeg 3 dager
tidligere, mot Jon Kielland-Lund i klubbmesterskapet.} Bd6 ({Jon valgte} 13...
Be7 {og knuste meg, selv om det ikke nødvendigvis var dette trekket som var
avgjørende}) 14. c4 Qc7 15. Ne4 Ngf6 16. O-O-O Nxe4 17. Qxe4 Nf6 18. Qe2 O-O-O
19. Bc3 Rhe8 20. Ne5 c5 21. dxc5 Bxc5 22. f4 Rxd1+ 23. Rxd1 Rd8 24. Rxd8+ Kxd8
25. g3 Ke8 26. b3 Qd6 27. Kc2 a6 {Etter ca 35 minutters betenkningstid...} 28.
Qf3 Qb6 29. Qd3 ({Både her og tidligere vurderte jeg} 29. Nd3 {men kom til at
jeg for all del måtte beholde springeren i sentrum. Critter er for øvrig ikke
enig...} Bf8 30. g4 Qc7 31. f5 {muligens med noe som kan likne på et initiativ,
men jeg klarte ikke finne noen fornuftig plan}) 29... Qd6 ({Selvfølgelig ikke} 
29... Nxh5 $4 30. Qd7+ Kf8 31. Qxf7#) 30. Qf3 1/2-1/2

[Event "Østlandsserien 2014/2015, 3. div. B"]
[Site "Ås, Akershus NOR"]
[Date "2015.03.08"]
[Round "5"]
[White "Iversen, Anders B"]
[Black "Lange, Holger"]
[Result "1/2-1/2"]
[WhiteElo "1456"]
[BlackElo "1587"]
[PlyCount "80"]
[EventDate "2014.11.02"]
[Board "3"]
[WhiteTeam "SK 1911 4"]
[BlackTeam "Follo 1"]

1. c4 c5 2. g3 Nc6 3. Bg2 Nf6 4. Nf3 e6 5. Nc3 Be7 6. d4 cxd4 7. Nxd4 O-O 8.
Ndb5 a6 9. Nd6 Bxd6 10. Qxd6 Qa5 11. O-O Qb4 12. Qxb4 Nxb4 13. a3 Nc6 14. Be3
Na5 15. c5 Nb3 16. Rad1 Ng4 17. Rd3 Nxe3 18. Rxe3 Nxc5 19. b4 Nb3 20. Rd3 a5
21. Rb1 axb4 22. axb4 Ra1 23. Rxa1 Nxa1 24. Nb5 d5 25. Nd4 e5 26. Nb5 d4 27.
Nd6 Nc2 28. Rb3 Bd7 29. Be4 d3 30. Bxd3 Nd4 31. Rb1 Rb8 32. b5 f5 33. f3 Kf8
34. b6 Ke7 35. Nc4 Ke6 36. Kf2 Nc6 37. g4 fxg4 38. fxg4 g6 39. g5 Kd5 40. Ne3+
Kd4 1/2-1/2

[Event "Østlandsserien 2014/2015, 3. div. B"]
[Site "Ås, Akershus NOR"]
[Date "2015.03.08"]
[Round "5"]
[White "Kielland-Lund, Jon"]
[Black "Wilhelmsen, Morten"]
[Result "1-0"]
[WhiteElo "1547"]
[BlackElo "1155"]
[PlyCount "141"]
[EventDate "2014.11.02"]
[Board "4"]
[WhiteTeam "Follo 1"]
[BlackTeam "SK 1911 4"]

1. c4 e5 2. Nc3 b6 3. Nf3 Nc6 4. g3 Bb7 5. Bg2 d6 6. O-O Nf6 7. e3 h6 8. d4 e4
9. Nd2 Ne7 10. Ndxe4 Nxe4 11. Nxe4 c6 12. b3 Qd7 13. Ba3 Ng8 14. d5 c5 15. Bb2
O-O-O 16. a3 f5 17. Nc3 g5 18. Nb5 Rh7 19. Nxa7+ Kb8 20. Nc6+ Bxc6 21. dxc6 Qc7
22. a4 Bg7 23. Bxg7 Rxg7 24. a5 Ne7 25. axb6 Qxb6 26. Ra3 (26. Ra8+ $3 Kc7 (
26... Kxa8 27. c7+ d5 28. Qa1+ Kb7 29. cxd8=Q Qxd8 30. Qxg7 $18) 27. Rxd8 Kxd8
28. Qxd6+ Ke8 29. Rd1 $18) 26... Nxc6 27. Bxc6 Qxc6 28. Qa1 Rdd7 29. Ra6 Qf3
30. Rb6+ Kc7 31. Qa7+ Kd8 32. Qa1 Kc7 33. Qa7+ Kd8 34. Rxd6 Rxd6 35. Qxg7 g4
36. Qf8+ Kc7 37. Qe7+ Kc6 38. Qf8 Kc7 39. Qe7+ Kc8 40. Qe8+ Kc7 41. Qe5 Kc6 42.
Qf4 Qxf4 43. gxf4 Rd3 44. Rb1 Rc3 45. Rb2 Rc1+ 46. Kg2 h5 47. h3 Rd1 48. hxg4
hxg4 49. f3 gxf3+ 50. Kxf3 Rd3 51. Ke2 Rd6 52. Rd2 Rf6 53. Rd5 Rf8 54. Kf3 Rf7
55. Kg3 Re7 56. Rd3 Rg7+ 57. Kf3 Re7 58. Rd5 Rf7 59. e4 fxe4+ 60. Kxe4 Re7+ 61.
Kf3 Rh7 62. Rd3 Rh3+ 63. Ke4 Rxd3 64. Kxd3 Kd6 65. Ke4 Ke6 66. f5+ Kd6 67. Kf4
Kd7 68. Ke5 Ke7 69. Kd5 Kf6 70. Kxc5 Kxf5 71. Kd6 1-0

[Event "Østlandsserien 2014/2015, 3. div. C"]
[Site "Nordstrand, Oslo NOR"]
[Date "2014.11.02"]
[Round "1"]
[White "Kielland-Lund, Jon"]
[Black "Abrahamsen, Knut Ø."]
[Result "1/2-1/2"]
[WhiteElo "1577"]
[BlackElo "1729"]
[PlyCount "64"]
[EventDate "2014.11.02"]
[Board "1"]
[WhiteTeam "Follo 2"]
[BlackTeam "Nordstrand 5"]

1. c4 Nf6 2. Nc3 g6 3. e4 d6 4. d4 Bg7 5. Nf3 c6 6. Be2 Nbd7 7. e5 dxe5 8. dxe5
Ng4 9. e6 fxe6 10. Ng5 Bxc3+ 11. bxc3 Ngf6 12. Nxe6 Qa5 13. O-O Ne5 14. Nf4
Qxc3 15. Bd2 Qd4 16. Be3 Qxd1 17. Rfxd1 O-O 18. f3 b6 19. c5 bxc5 20. Bxc5 Kf7
21. Bd4 Nfd7 22. Rd2 g5 23. Nd3 Nxd3 24. Bxd3 h6 25. Rc1 c5 26. Bxc5 Nxc5 27.
Rxc5 Be6 28. Bc4 Bxc4 29. Rxc4 Rac8 30. Rdc2 Rxc4 31. Rxc4 Rb8 32. Ra4 Rb7
1/2-1/2

[Event "Østlandsserien 2014/2015, 3. div. C"]
[Site "Nordstrand, Oslo NOR"]
[Date "2014.11.02"]
[Round "1"]
[White "Moberg, Jan Rune"]
[Black "Sivaranjan, Aschmirthan"]
[Result "1-0"]
[WhiteElo "1516"]
[BlackElo "1490"]
[PlyCount "45"]
[EventDate "2014.11.02"]
[Board "3"]
[WhiteTeam "Follo 2"]
[BlackTeam "Nordstrand 5"]

1. d4 f5 2. e4 fxe4 3. f3 d5 4. Bg5 Nd7 5. Nc3 Ngf6 6. Nh3 c6 7. Nf4 e5 8. dxe5
Nxe5 9. fxe4 Bg4 10. Be2 Bxe2 11. Qxe2 h6 12. Bxf6 Qxf6 13. O-O Bc5+ 14. Kh1
Qd6 15. exd5 O-O-O 16. dxc6 Nxc6 17. Ne4 Qe5 18. Qg4+ Rd7 19. Ng6 Qd4 20. Rad1
Ne5 21. Nxe5 Qxe5 22. Qxd7+ Kb8 23. Nxc5 1-0

[Event "Østlandsserien 2014/2015, 3. div. C"]
[Site "Nordstrand, Oslo NOR"]
[Date "2014.11.02"]
[Round "1"]
[White "Sjøberg, Isak"]
[Black "Simonsen, Steinar"]
[Result "1-0"]
[WhiteElo "1442"]
[BlackElo "1337"]
[Annotator "Lea, Per"]
[PlyCount "115"]
[EventDate "2014.11.02"]
[Board "4"]
[WhiteTeam "Nordstrand 5"]
[BlackTeam "Follo 2"]

1. e4 e6 2. d4 d5 3. Nc3 Nf6 4. Bg5 Be7 5. e5 Nfd7 6. h4 Bxg5 7. hxg5 Qxg5 8.
Nf3 Qe7 9. Bd3 f5 10. Nh4 Nf8 11. Be2 Nc6 12. Qd2 Bd7 13. g4 O-O-O 14. gxf5 Qb4
15. fxe6 Nxe6 16. O-O-O Ncxd4 17. Nxd5 Qxd2+ 18. Rxd2 Bc6 19. Ne7+ Kb8 20.
Nxc6+ Nxc6 21. Rxd8+ Rxd8 22. Bc4 Nf4 23. Re1 Re8 24. e6 g6 25. Re4 g5 26. Nf5
a6 27. e7 Ng6 28. Bf7 Rxe7 29. Nxe7 Ncxe7 30. Re3 Kc8 31. Bxg6 Nxg6 32. Re8+
Kd7 33. Rg8 b5 34. Rg7+ Kd6 35. Rxh7 Nf4 36. Rh6+ Ne6 37. Kd2 c5 (37... a5 38.
Ke3 Ke5 39. a3 c5 40. Rh5 Kf5 41. Rh8 a4 42. Rb8 Nc7 43. Rb7 Nd5+ 44. Kf3) 38.
Ke3 Ke5 39. c3 a5 40. Rh5 Kf5 41. Rh8 a4 42. Rb8 Nc7 43. Rb7 Nd5+ 44. Kf3 a3
45. Rxb5 axb2 46. Rxb2 g4+ 47. Kg2 Nxc3 48. Rc2 Ne4 49. a4 Ke6 50. Rc4 Kd5 51.
a5 Nd6 52. Ra4 Nb5 53. a6 Na7 54. Kg3 c4 55. Kxg4 c3 56. f4 Kc5 57. f5 Kb6 58.
f6 1-0

[Event "Østlandsserien 2014/2015, 3. div. C"]
[Site "Ås, Akershus NOR"]
[Date "2014.12.07"]
[Round "2"]
[White "Lorentzen, Jan Ove"]
[Black "Kielland-Lund, Jon"]
[Result "1/2-1/2"]
[WhiteElo "1281"]
[BlackElo "1556"]
[PlyCount "96"]
[EventDate "2014.11.02"]
[Board "1"]
[WhiteTeam "Porsgrunn"]
[BlackTeam "Follo 2"]

1. Nf3 d5 2. d4 Nf6 3. Bf4 Bf5 4. e3 e6 5. Bd3 Bxd3 6. Qxd3 c6 7. Nbd2 Be7 8.
a3 O-O 9. h3 Nbd7 10. b4 b5 11. O-O a5 12. c3 Nb6 13. Ne5 Qc8 14. Rfc1 axb4 15.
cxb4 Nc4 16. Qc3 Ra4 17. Ndxc4 dxc4 18. Qc2 Qb7 19. Nxc4 Ra6 20. Na5 Qa8 21.
Nxc6 Nd5 22. Nxe7+ Nxe7 23. Qd3 Nd5 24. Qb3 Nxf4 25. exf4 Rd8 26. Qc3 h6 27. f3
Qa7 28. Qc5 Rxd4 29. Qxa7 Rxa7 30. Rcb1 Rxf4 31. Rb3 Rc4 32. Re1 Kf8 33. Rd3
Ke7 34. Re5 Rc1+ 35. Kh2 Ra1 36. Ree3 Ra2 37. f4 Rd7 38. Kg3 Rxd3 39. Rxd3 f5
40. h4 Kf6 41. Re3 g5 42. fxg5+ hxg5 43. hxg5+ Kxg5 44. Kf3 Kf6 45. g3 e5 46.
Rc3 Kg5 47. Rb3 Kh5 48. Re3 Kg5 (48... e4+ 49. Kf4 Rf2+ 50. Ke5 Kg4 $19)
1/2-1/2

[Event "Østlandsserien 2014/2015, 3. div. C"]
[Site "Ås, Akershus NOR"]
[Date "2014.12.07"]
[Round "2"]
[White "Holm, Bjarne"]
[Black "Petterson, Tor"]
[Result "1-0"]
[WhiteElo "1537"]
[BlackElo "1124"]
[PlyCount "99"]
[EventDate "2014.11.02"]
[Board "2"]
[WhiteTeam "Follo 2"]
[BlackTeam "Porsgrunn"]

1. d4 d5 2. c4 c6 3. e3 Nf6 4. Nf3 h6 5. a3 a5 6. Nc3 e6 7. Bd3 Be7 8. b3 c5 9.
Bb2 dxc4 10. bxc4 Nbd7 11. Qc2 Nb6 12. Rd1 Bd7 13. Ne5 cxd4 14. exd4 Qc7 15.
O-O Bd6 16. Nb5 Bxb5 17. cxb5 Rc8 18. Qxc7 Rxc7 19. Rc1 O-O 20. Rxc7 Bxc7 21.
Rc1 Nbd5 22. g3 Rd8 23. Bb1 Bb6 24. Kf1 Nc7 25. Bd3 Nce8 26. Nf3 g5 27. h3 g4
28. hxg4 Nxg4 29. Be4 Nd6 30. Bb1 Nxb5 31. Rd1 Nxd4 32. Bxd4 Bxd4 33. Nxd4 e5
34. Ke2 exd4 35. Kf3 Ne5+ 36. Ke4 f6 37. Rxd4 Rxd4+ 38. Kxd4 b6 39. Kd5 Kf7 40.
f4 Nd7 41. Kd6 b5 42. Kxd7 b4 43. axb4 axb4 44. f5 b3 45. g4 b2 46. Kd6 Kg7 47.
Ke6 h5 48. gxh5 Kh6 49. Kxf6 Kxh5 50. Ke7 1-0

[Event "Østlandsserien 2014/2015, 3. div. C"]
[Site "Ås, Akershus NOR"]
[Date "2014.12.07"]
[Round "2"]
[White "Ziegler, Lars"]
[Black "Moberg, Jan Rune"]
[Result "0-1"]
[WhiteElo "1153"]
[BlackElo "1512"]
[PlyCount "90"]
[EventDate "2014.11.02"]
[Board "3"]
[WhiteTeam "Porsgrunn"]
[BlackTeam "Follo 2"]

1. e4 e5 2. Nf3 d6 3. g3 Nf6 4. Nc3 c6 5. Bg2 Be7 6. O-O O-O 7. d3 Bg4 8. h3
Bh5 9. g4 Bg6 10. Ne2 Nbd7 11. Nh4 Nc5 12. f4 exf4 13. Nxf4 Qc7 14. Nhxg6 hxg6
15. Be3 Ncd7 16. d4 Rad8 17. c3 Nh7 18. Qd2 Ne5 19. dxe5 dxe5 20. Nd3 Rd7 21.
Qe2 b6 22. Rad1 Rfd8 23. Nc1 Ng5 24. Rxd7 Qxd7 25. Nb3 Ne6 26. Bf3 g5 27. Rd1
Qc7 28. Rxd8+ Qxd8 29. Qd1 Qc7 30. Kf2 Nf4 31. Bxf4 gxf4 32. Nd2 Bc5+ 33. Kg2
Qe7 34. Qe1 b5 35. b4 Bb6 36. h4 Qd8 37. Kh3 Qd3 38. Qd1 Qxc3 39. Nb3 Qxb4 40.
g5 Qe7 41. Bg4 Qb4 42. Qe2 a5 43. Bf5 Qc3+ 44. Kg2 Qg3+ 45. Kf1 Qg1# 0-1

[Event "Østlandsserien 2014/2015, 3. div. C"]
[Site "Larvik, Vestfold NOR"]
[Date "2015.01.11"]
[Round "3"]
[White "Kielland-Lund, Jon"]
[Black "Engeset, Bjarte"]
[Result "1/2-1/2"]
[WhiteElo "1547"]
[BlackElo "1611"]
[Annotator "Kielland-Lund, Jon"]
[PlyCount "92"]
[EventDate "2014.11.02"]
[Board "1"]
[WhiteTeam "Follo 2"]
[BlackTeam "Larvik"]

1. c4 Nf6 2. Nc3 g6 3. e4 d6 4. d4 Bg7 5. Nf3 O-O 6. Be2 c5 7. O-O Nbd7 8. d5
a6 9. Qc2 {Her avviker jeg fra teorien. h3 er vanlig, for å unnvike det som
kommer.} Ng4 10. Bg5 {?! h3 eller Se1 er bedre} Nde5 11. h3 Nxf3+ 12. Bxf3 Ne5
13. Be2 f5 14. f3 {exf fulgt av Dd2 gir fordel, nå blir det trøbbel.} Nf7 15.
Be3 Ne5 16. Qd2 Nf7 17. Bd3 Ne5 18. Rac1 {? Nesten alt annet var bedre, f.eks.
Le2 fulgt av f4-} Nxd3 19. Qxd3 f4 20. Bf2 g5 21. Rc2 Qe8 22. Kh1 Qh5 23. Bg1
Rf6 24. Qe2 {Critter foreslår stadig vekk b4 for å få motspill.} Rh6 25. Na4
Bd4 26. Bxd4 cxd4 27. Rf2 g4 28. Nb6 g3 {? Nå snur Critter, etter gxh er det
stor fordel} 29. Nxc8 Rxc8 30. Rf1 Rf8 31. Rd1 Qe5 32. Kg1 Rff6 33. Qd3 Rh4 34.
Qxd4 Qh5 35. Kf1 Rh6 36. Ke2 Qg5 37. Rh1 {? Unødvendig forsiktig, jeg må prøve
c5.} e5 38. dxe6 {Db6 er bedre} Rxe6 39. Qd5 Qe7 40. Rd2 Rhh6 41. Rhd1 Kg7 42.
Qd4+ Kf7 43. b3 {Mye bedre var b4 fulgt av c5} Qc7 44. Qd5 Qc6 45. Qxc6 {? f.
eks Df5, det er prinsippielt galt å bytte dronning her...} bxc6 46. Kf1 a5 {Og
her tok vi remis. Hvit burde forsøkt c5 på et eller annet tidspunkt.} 1/2-1/2

[Event "Østlandsserien 2014/2015, 3. div. C"]
[Site "Larvik, Vestfold NOR"]
[Date "2015.01.11"]
[Round "3"]
[White "Larsen, Thomas G"]
[Black "Moberg, Jan Rune"]
[Result "1/2-1/2"]
[WhiteElo "1529"]
[BlackElo "1516"]
[PlyCount "95"]
[EventDate "2014.11.02"]
[Board "2"]
[WhiteTeam "Larvik"]
[BlackTeam "Follo 2"]

1. Nf3 d6 2. d4 c6 3. e4 Nd7 4. c4 e5 5. d5 Be7 6. Nc3 a6 7. Be2 Qc7 8. Be3
Ngf6 9. h3 O-O 10. O-O Re8 11. a4 a5 12. Rc1 Nf8 13. Qd2 Ng6 14. Rfd1 c5 15.
Nb5 Qd8 16. Bd3 b6 17. b3 Bd7 18. Qb2 Bf8 19. Bg5 Bxb5 20. axb5 h6 21. Be3 Nh5
22. g3 Be7 23. Qe2 Nf6 24. Qd2 Bf8 25. Nh2 Qd7 26. Kg2 h5 27. Rf1 Be7 28. f4
exf4 29. Bxf4 Ne5 30. Bxe5 dxe5 31. Nf3 Qd6 32. Nh4 g6 33. Qh6 Bf8 34. Qg5 Nh7
35. Qe3 Be7 36. Qf2 Rf8 37. Nf3 Kg7 38. Qb2 f6 39. h4 Rf7 40. Rc2 Qd7 41. Rcf2
Bd6 42. Ng5 Nxg5 43. hxg5 Raf8 44. gxf6+ Rxf6 45. Rxf6 Rxf6 46. Rxf6 Kxf6 47.
Qf2+ Kg7 48. Be2 1/2-1/2

[Event "Østlandsserien 2014/2015, 3. div. C"]
[Site "Larvik, Vestfold NOR"]
[Date "2015.01.11"]
[Round "3"]
[White "Fuglseth, Jan"]
[Black "Verner Andersen, Erik"]
[Result "1-0"]
[WhiteElo "1404"]
[BlackElo "1480"]
[Annotator "Fuglseth, Jan"]
[PlyCount "55"]
[EventDate "2014.11.02"]
[Board "3"]
[WhiteTeam "Follo 2"]
[BlackTeam "Larvik"]

1. c4 Nf6 2. Nc3 d5 3. cxd5 e6 4. Nf3 exd5 5. d4 Bb4 6. a3 Bxc3+ 7. bxc3 O-O 8.
Bg5 Qd6 9. g3 Ne4 10. Bd2 Nxd2 11. Qxd2 a5 12. Bg2 Nd7 13. O-O Nf6 14. Rfc1 Re8
15. c4 Qe6 16. e3 (16. cxd5 Nxd5) 16... dxc4 17. Ne5 c5 18. Nxc4 cxd4 19. Qxd4
Ng4 20. Rab1 (20. Bh3) 20... Qf5 21. Qd2 Ne5 22. Nxe5 Qxe5 23. Bxb7 Bxb7 24.
Rxb7 Qh5 25. Rd7 g5 26. Rc5 (26. Rc2) 26... Ra6 27. Rdd5 Rh6 28. Rxg5+ {Oppgitt
} 1-0

[Event "Østlandsserien 2014/2015, 3. div. C"]
[Site "Larvik, Vestfold NOR"]
[Date "2015.01.11"]
[Round "3"]
[White "Tøftum, Tom Andre"]
[Black "Simonsen, Steinar"]
[Result "1-0"]
[WhiteElo "1291"]
[BlackElo "1300"]
[PlyCount "53"]
[EventDate "2014.11.02"]
[Board "4"]
[WhiteTeam "Larvik"]
[BlackTeam "Follo 2"]

1. e4 e6 2. d4 d5 3. Nc3 Nf6 4. e5 Nfd7 5. f4 c5 6. Nf3 Nc6 7. Be3 c4 8. Be2
Be7 9. O-O O-O 10. b3 cxb3 11. axb3 f6 12. Nb5 a6 13. c4 Rb8 14. Nc3 dxc4 15.
bxc4 fxe5 16. fxe5 a5 17. Qb3 Qb6 18. Nb5 Na7 19. Bd3 Nxb5 20. cxb5 Kh8 21. Bc2
Rf7 22. Qd3 Nf8 23. Ng5 Rxf1+ 24. Rxf1 Ng6 25. Nxh7 Bd7 26. Nf6 Bxf6 27. Qxg6
1-0

[Event "Østlandsserien 2014/2015, 3. div. C"]
[Site "Oslo NOR"]
[Date "2015.02.08"]
[Round "4"]
[White "Kielland-Lund, Jon"]
[Black "Svanholm, Børge W."]
[Result "1/2-1/2"]
[WhiteElo "1547"]
[BlackElo "1730"]
[Annotator "Kielland-Lund, Jon"]
[PlyCount "70"]
[EventDate "2014.11.02"]
[Board "1"]
[WhiteTeam "Follo 2"]
[BlackTeam "Stjernen 2"]

1. c4 Nf6 2. Nc3 g6 3. e4 d6 4. d4 Bg7 5. Nf3 O-O 6. Be2 e5 7. dxe5 dxe5 8.
Qxd8 Rxd8 9. Bg5 Re8 10. Nd5 Nxd5 11. cxd5 c6 12. Bc4 cxd5 13. Bxd5 Nd7 14. Nd2
Nb6 {Vanligere er Sc5} 15. Bb3 Be6 16. Bxe6 {Ke2 er litt bedre} (16. O-O Rac8
17. Be3 (17. Rac1 Bxb3 18. axb3) 17... Bxb3 18. Nxb3 Nc4) 16... Rxe6 17. Rc1
Rc8 18. Rxc8+ Nxc8 19. f3 Rc6 20. Kd1 {Nå står jeg passivt} Nd6 21. Re1 f6 {f5
er en bedre ide} 22. Be3 b6 23. b3 Kf7 24. Nb1 Bf8 25. Re2 Nb5 26. Rc2 Rxc2 27.
Kxc2 Ke6 {Jeg klarte å spille meg ut av vanskelighetene, lik stilling i følge
critter} 28. Nc3 Nxc3 29. Kxc3 Kd7 30. Kc4 Kc6 31. g4 b5+ 32. Kc3 a5 33. a4
Bb4+ 34. Kd3 Bc5 35. Bd2 Bb6 {Død remis} 1/2-1/2